000 00624nam a2200181Ia 4500
008 100921s9999 xx 000 0 und d
082 _b31117
_a891.463 थ 99
100 _aम्हात्रे अरविंद.
245 _aबलिदान.
260 _bपार्टनर प्रकाशन, मुंबई.
_c1999
300 _a140
_bशांती पब्लिकेशन,पुणे
365 _b100
520 _aललित-कादंबरी.
630 _aबलिदान.
650 _aललित-कादंबरी.
730 _aबलिदान.
942 _cBOOK
999 _c780230
_d780227